=LDR 00000nam 2200000 4500 =001 INLIS000000000054283 =005 20250318111115 =035 ##$$a 0010-0120000061 =007 ta =008 250318################g##########0#ind## =020 ##$$a 978-602-5876-05-9 =082 ##$$a 572.5 =084 ##$$a 572.5 KET a =100 #$$a Ketut Widnyana Yoga =245 1#$$a Analisis senyawa kimia daun kaca piring /$c IB. Ketut Widnyana Yoga, S.TP., M.Si =260 ##$$a Yogyakarta :$b Plantaxia,$c 2018 =300 ##$$a xviii, 130 hlm. : $b ilus. ; $c 24 Cm. =650 #4$$a Biokimia - Tanaman - Analisis Kimia =650 #4$$a Daur Kaca Piring - Penelitian =520 ##$$a Bibliografi : hlm. 123-130 =990 ##$$a 21900753 =990 ##$$a 21900752 =990 ##$$a 21900751 =990 ##$$a 21900750 =990 ##$$a 21900753 =990 ##$$a 21900752 =990 ##$$a 21900751 =990 ##$$a 21900750 =990 ##$$a 21900750 =990 ##$$a 21900753 =990 ##$$a 21900752 =990 ##$$a 21900751 =990 ##$$a 21900751 =990 ##$$a 21900753 =990 ##$$a 21900752 =990 ##$$a 21900750 =990 ##$$a 21900752 =990 ##$$a 21900753 =990 ##$$a 21900751 =990 ##$$a 21900750